| 000 | 00572nam a2200205Ia 4500 | ||
|---|---|---|---|
| 005 | 20250923145015.0 | ||
| 008 | 008 250917s9999 xx 000 0 eng d | ||
| 037 | _aTextual | ||
| 040 |
_aDSWL _beng _cDSWL |
||
| 041 |
_aeng _2eng |
||
| 084 |
_aYX,ZBzA, N63 _qDSWL |
||
| 100 |
_aMckie, Eric _9830803 |
||
| 245 | 0 |
_aVentures in faith _cby Eric Mckie |
|
| 260 |
_bLiverpool and District family service unit _c1963 |
||
| 300 | _aix,288 p. | ||
| 365 |
_aINR _b15 |
||
| 925 | _g15 | ||
| 942 |
_cTEXL _hYX,ZBzA, N63 |
||
| 999 |
_c1445984 _d1445984 |
||